000
002760000a22000970004500
090
_a
AR
_b
04102
245
1
0
_a
Production of adventitious buds on the leaves in Dicksonia sellowiana
041
0
_a
Inglés
942
_c
ARTICULO
773
1
_t
American Fern Journal
_h
3
_q
105-108
_d
2000
_g
90
999
_c
13200
_d
13200